The Boundaries of Welfare: European Integration and the New Spatial Politics of Social Protection. (Record no. 619698)

MARC details
000 -LEADER
fixed length control field 00615nam a2200193 4500
008 - FIXED-LENGTH DATA ELEMENTS--GENERAL INFORMATION
fixed length control field 260424b |||||||| |||| 00| 0 eng d
020 ## - INTERNATIONAL STANDARD BOOK NUMBER
ISBN 9780199284672
Paper back/Hardbound pbk
041 ## - LANGUAGE CODE
Language code of text/sound track or separate title Eng
082 ## - DEWEY DECIMAL CLASSIFICATION NUMBER
Classification number 361.65094 FER
100 ## - MAIN ENTRY--AUTHOR NAME
Personal name Ferrera,Maurizio.
245 ## - TITLE STATEMENT
Title The Boundaries of Welfare: European Integration and the New Spatial Politics of Social Protection.
Statement of responsibility, etc /by Maurizio Ferrera.
250 ## - EDITION STATEMENT
Edition statement 1st ed
260 ## - PUBLICATION, DISTRIBUTION, ETC. (IMPRINT)
Place of publication New York:
Name of publisher Oxford University Press,
Year of publication 2005.
300 ## - PHYSICAL DESCRIPTION
Number of Pages xv,299p.
Dimensions ;21 cm.
650 ## - SUBJECT ADDED ENTRY--TOPICAL TERM
Topical Term Social problems and services
Topical Term Social Science.
942 ## - ADDED ENTRY ELEMENTS (KOHA)
Koha item type English Books
Holdings
Withdrawn status Lost status Damaged status Not for loan Home library Current library Shelving location Date acquired Full call number Accession Number Price effective from Koha item type
        Anna Centenary Library Anna Centenary Library 4TH FLOOR, A WING 24.04.2026 361.65094 FER 111770 24.04.2026 English Books

Find us on the map